[Event "RUS-ch Blitz 2021"]
[Site "Sochi"]
[Date "2021.10.11"]
[Round "4.7"]
[White "Timofeev, Artyom"]
[Black "Gavrilov, Oleg"]
[Result "1-0"]
[WhiteElo "2586"]
[BlackElo "2356"]
[Annotator "ChessBase"]
[PlyCount "183"]
[EventDate "2021.10.11"]
[EventType "blitz"]
[EventCountry "RUS"]
[SourceTitle "playchess.com"]
[Source "ChessBase"]
[SourceQuality "1"]
[TimeControl "180+2"]

1. c4 {[%emt 0:00:00]} c6 {[%emt 0:00:00]} 2. Nf3 {[%emt 0:00:09]} d5 {[%emt 0:
00:01]} 3. b3 {[%emt 0:00:00]} Nf6 {[%emt 0:00:00]} 4. Bb2 {[%emt 0:00:00]} Bf5
{[%emt 0:00:12]} 5. Bxf6 {[%emt 0:00:00]} gxf6 {[%emt 0:00:01]} 6. e3 {[%emt 0:
00:02]} e6 {[%emt 0:00:11]} 7. Nc3 {[%emt 0:00:02]} Bd6 {[%emt 0:00:23]} 8. Be2
{[%emt 0:00:13]} Nd7 {[%emt 0:00:05]} 9. O-O {[%emt 0:00:09]} Bg4 {[%emt 0:00:
17]} 10. Rc1 {[%emt 0:00:07]} a6 {[%emt 0:00:03]} 11. cxd5 {[%emt 0:00:05]}
cxd5 {[%emt 0:00:03]} 12. Nd4 {[%emt 0:00:00]} Bxe2 {[%emt 0:00:03]} 13. Ncxe2
{[%emt 0:00:01]} O-O {[%emt 0:00:33]} 14. Nf4 {[%emt 0:00:02]} f5 {[%emt 0:00:
17]} 15. Qh5 {[%emt 0:00:15]} Qf6 {[%emt 0:00:02]} 16. Nfe2 {[%emt 0:00:15]}
Rac8 {[%emt 0:00:03]} 17. a4 {[%emt 0:00:04]} Ba3 {[%emt 0:00:05]} 18. Rxc8 {
[%emt 0:00:08]} Rxc8 {[%emt 0:00:00]} 19. h3 {[%emt 0:00:03]} Ne5 {[%emt 0:00:
08]} 20. Rb1 {[%emt 0:00:23]} Bb4 {[%emt 0:00:06]} 21. Rd1 {[%emt 0:00:05]} Ng6
{[%emt 0:00:06]} 22. Qf3 {[%emt 0:00:00]} Qe5 {[%emt 0:00:09]} 23. d3 {[%emt 0:
00:08]} Rc7 {[%emt 0:00:04]} 24. g3 {[%emt 0:00:02]} Bd6 {[%emt 0:00:20]} 25.
Nf4 {[%emt 0:00:10]} Rc3 {[%emt 0:00:08]} 26. Nfe2 {[%emt 0:00:12]} Rc7 {
[%emt 0:00:00]} 27. h4 {[%emt 0:00:05]} Qf6 {[%emt 0:00:00]} 28. Kg2 {[%emt 0:
00:09]} Ne5 {[%emt 0:00:13]} 29. Qh5 {[%emt 0:00:01]} Qg6 {[%emt 0:00:04]} 30.
Qxg6+ {[%emt 0:00:01]} hxg6 {[%emt 0:00:00]} 31. Nf3 {[%emt 0:00:15]} Rc2 {
[%emt 0:00:04]} 32. Ned4 {[%emt 0:00:03]} Rc3 {[%emt 0:00:02]} 33. Nxe5 {
[%emt 0:00:33]} Bxe5 {[%emt 0:00:02]} 34. Nf3 {[%emt 0:00:00]} Bf6 {[%emt 0:00:
00]} 35. b4 {[%emt 0:00:04]} Be7 {[%emt 0:00:05]} 36. b5 {[%emt 0:00:00]} axb5
{[%emt 0:00:00]} 37. axb5 {[%emt 0:00:00]} Bf6 {[%emt 0:00:03]} 38. d4 {
[%emt 0:00:15]} Rb3 {[%emt 0:00:00]} 39. Rc1 {[%emt 0:00:00]} Rxb5 {[%emt 0:00:
00]} 40. Rc8+ {[%emt 0:00:03]} Kg7 {[%emt 0:00:00]} 41. Rc7 {[%emt 0:00:00]}
Rb2 {[%emt 0:00:00]} 42. Ne1 {[%emt 0:00:04]} Rb3 {[%emt 0:00:05]} 43. Kf3 {
[%emt 0:00:00]} b5 {[%emt 0:00:00]} 44. Rb7 {[%emt 0:00:01]} g5 {[%emt 0:00:05]
} 45. hxg5 {[%emt 0:00:00]} Bxg5 {[%emt 0:00:00]} 46. Ke2 {[%emt 0:00:05]} Rb2+
{[%emt 0:00:04]} 47. Kf3 {[%emt 0:00:00]} Rb3 {[%emt 0:00:06]} 48. Ke2 {
[%emt 0:00:00]} Rb2+ {[%emt 0:00:00]} 49. Kf3 {[%emt 0:00:00]} Bf6 {[%emt 0:00:
04]} 50. Nd3 {[%emt 0:00:00]} Rb3 {[%emt 0:00:01]} 51. Nc5 {[%emt 0:00:01]} Rb1
{[%emt 0:00:08]} 52. Nxe6+ {[%emt 0:00:02]} Kg8 {[%emt 0:00:02]} 53. Nc7 {
[%emt 0:00:03]} Bg5 {[%emt 0:00:11]} 54. Rxb5 {[%emt 0:00:03]} Rxb5 {[%emt 0:
00:04]} 55. Nxb5 {[%emt 0:00:00]} Kf8 {[%emt 0:00:01]} 56. Nc7 {[%emt 0:00:02]}
Ke7 {[%emt 0:00:02]} 57. Nxd5+ {[%emt 0:00:00]} Kd6 {[%emt 0:00:01]} 58. Nc3 {
[%emt 0:00:02]} Ke6 {[%emt 0:00:01]} 59. Ke2 {[%emt 0:00:00]} Bd8 {[%emt 0:00:
01]} 60. Kd3 {[%emt 0:00:03]} Ba5 {[%emt 0:00:00]} 61. f3 {[%emt 0:00:00]} Bb4
{[%emt 0:00:01]} 62. Ne2 {[%emt 0:00:00]} Be1 {[%emt 0:00:00]} 63. e4 {[%emt 0:
00:03]} fxe4+ {[%emt 0:00:02]} 64. fxe4 {[%emt 0:00:01]} Kd6 {[%emt 0:00:03]}
65. Ke3 {[%emt 0:00:00]} Ke6 {[%emt 0:00:02]} 66. Kf3 {[%emt 0:00:00]} Kf6 {
[%emt 0:00:01]} 67. Nf4 {[%emt 0:00:02]} Kg5 {[%emt 0:00:00]} 68. d5 {[%emt 0:
00:04]} Kf6 {[%emt 0:00:01]} 69. Nd3 {[%emt 0:00:02]} Bc3 {[%emt 0:00:02]} 70.
Kf4 {[%emt 0:00:03]} Bd2+ {[%emt 0:00:00]} 71. Kf3 {[%emt 0:00:01]} Bc3 {
[%emt 0:00:01]} 72. g4 {[%emt 0:00:00]} Ke7 {[%emt 0:00:10]} 73. e5 {[%emt 0:
00:01]} Bd4 {[%emt 0:00:03]} 74. Ke4 {[%emt 0:00:02]} Bc3 {[%emt 0:00:01]} 75.
Kf5 {[%emt 0:00:00]} Bd4 {[%emt 0:00:00]} 76. Nf4 {[%emt 0:00:03]} Bc3 {
[%emt 0:00:02]} 77. d6+ {[%emt 0:00:01]} Kd7 {[%emt 0:00:00]} 78. Kf6 {[%emt 0:
00:02]} Ke8 {[%emt 0:00:03]} 79. Nd5 {[%emt 0:00:00]} Bd4 {[%emt 0:00:02]} 80.
Nc7+ {[%emt 0:00:01]} Kd7 {[%emt 0:00:00]} 81. Nb5 {[%emt 0:00:02]} Bb2 {
[%emt 0:00:02]} 82. Nc7 {[%emt 0:00:03]} Bc3 {[%emt 0:00:02]} 83. Nd5 {[%emt 0:
00:00]} Bb2 {[%emt 0:00:01]} 84. Ne3 {[%emt 0:00:01]} Ke8 {[%emt 0:00:02]} 85.
Nf5 {[%emt 0:00:01]} Ba1 {[%emt 0:00:02]} 86. g5 {[%emt 0:00:01]} Bb2 {[%emt 0:
00:01]} 87. Nh4 {[%emt 0:00:03]} Bc3 {[%emt 0:00:03]} 88. Nf3 {[%emt 0:00:03]}
Bb2 {[%emt 0:00:00]} 89. g6 {[%emt 0:00:02]} fxg6 {[%emt 0:00:01]} 90. Ke6 {
[%emt 0:00:02]} Bc3 {[%emt 0:00:05]} 91. Ng5 {[%emt 0:00:02]} Ba5 {[%emt 0:00:
02]} 92. Nf7 {[%emt 0:00:03]} 1-0

[Event "RUS-ch Blitz 2021"]
[Site "Sochi"]
[Date "2021.10.11"]
[Round "4.8"]
[White "Somkin, Kirill"]
[Black "Kobalia, Mikhail"]
[Result "1-0"]
[WhiteElo "2186"]
[BlackElo "2600"]
[Annotator "ChessBase"]
[PlyCount "93"]
[EventDate "2021.10.11"]
[EventType "blitz"]
[EventCountry "RUS"]
[SourceTitle "playchess.com"]
[Source "ChessBase"]
[SourceQuality "1"]
[TimeControl "180+2"]

1. e4 {[%emt 0:00:00]} c6 {[%emt 0:00:04]} 2. d4 {[%emt 0:00:02]} d5 {[%emt 0:
00:00]} 3. e5 {[%emt 0:00:00]} Bf5 {[%emt 0:00:06]} 4. Ne2 {[%emt 0:00:02]} e6
{[%emt 0:00:06]} 5. Ng3 {[%emt 0:00:00]} Bg6 {[%emt 0:00:00]} 6. h4 {[%emt 0:
00:00]} h6 {[%emt 0:00:04]} 7. h5 {[%emt 0:00:01]} Bh7 {[%emt 0:00:00]} 8. Bd3
{[%emt 0:00:00]} Bxd3 {[%emt 0:00:00]} 9. cxd3 {[%emt 0:00:00]} Qb6 {[%emt 0:
00:15]} 10. Be3 {[%emt 0:00:03]} Qxb2 {[%emt 0:00:07]} 11. Nd2 {[%emt 0:00:02]}
Qb6 {[%emt 0:00:03]} 12. O-O {[%emt 0:00:01]} Nd7 {[%emt 0:00:06]} 13. f4 {
[%emt 0:00:27]} f5 {[%emt 0:00:01]} 14. exf6 {[%emt 0:00:04]} Ngxf6 {[%emt 0:
00:05]} 15. f5 {[%emt 0:00:02]} e5 {[%emt 0:00:10]} 16. Rb1 {[%emt 0:00:09]}
Qc7 {[%emt 0:00:00]} 17. dxe5 {[%emt 0:00:12]} Nxe5 {[%emt 0:00:00]} 18. d4 {
[%emt 0:00:26]} Nf7 {[%emt 0:00:36]} 19. Bf4 {[%emt 0:00:16]} Bd6 {[%emt 0:00:
12]} 20. Qe2+ {[%emt 0:00:22]} Kf8 {[%emt 0:00:00]} 21. Bxd6+ {[%emt 0:00:28]}
Nxd6 {[%emt 0:00:02]} 22. Nf3 {[%emt 0:00:00]} Kg8 {[%emt 0:00:00]} 23. Ne5 {
[%emt 0:00:00]} Kh7 {[%emt 0:00:00]} 24. Qf3 {[%emt 0:00:20]} Rhe8 {[%emt 0:00:
06]} 25. Ne2 {[%emt 0:00:12]} Nde4 {[%emt 0:00:54]} 26. Nf4 {[%emt 0:00:16]}
Nd2 {[%emt 0:00:21]} 27. Qg3 {[%emt 0:00:00]} Nxb1 {[%emt 0:00:00]} 28. Ne6 {
[%emt 0:00:22]} Qe7 {[%emt 0:00:09]} 29. Rxb1 {[%emt 0:00:06]} Kg8 {[%emt 0:00:
09]} 30. Ng6 {[%emt 0:00:02]} Qf7 {[%emt 0:00:04]} 31. Ne5 {[%emt 0:00:04]} Qe7
{[%emt 0:00:02]} 32. Ng6 {[%emt 0:00:05]} Qf7 {[%emt 0:00:17]} 33. Ne5 {
[%emt 0:00:00]} Nxh5 {[%emt 0:00:02]} 34. Qf3 {[%emt 0:00:00]} Qf6 {[%emt 0:00:
06]} 35. Qxh5 {[%emt 0:00:02]} Re7 {[%emt 0:00:00]} 36. Ng6 {[%emt 0:00:02]}
Rf7 {[%emt 0:00:00]} 37. Rf1 {[%emt 0:00:04]} b6 {[%emt 0:00:02]} 38. Ne5 {
[%emt 0:00:00]} Re7 {[%emt 0:00:04]} 39. Nxc6 {[%emt 0:00:03]} Rb7 {[%emt 0:00:
02]} 40. Ne5 {[%emt 0:00:03]} Rc8 {[%emt 0:00:01]} 41. Ng4 {[%emt 0:00:00]} Qf7
{[%emt 0:00:02]} 42. Qh4 {[%emt 0:00:02]} Re8 {[%emt 0:00:04]} 43. Qg3 {
[%emt 0:00:03]} Kh7 {[%emt 0:00:01]} 44. Ne5 {[%emt 0:00:00]} Qf6 {[%emt 0:00:
01]} 45. Ng4 {[%emt 0:00:03]} Qf7 {[%emt 0:00:01]} 46. Ne5 {[%emt 0:00:01]} Qf6
{[%emt 0:00:01]} 47. Ng4 {[%emt 0:00:00]} 1-0

[Event "RUS-ch Blitz 2021"]
[Site "Sochi"]
[Date "2021.10.11"]
[Round "4.9"]
[White "Trushnikov, Sergey"]
[Black "Lysyj, Igor"]
[Result "1/2-1/2"]
[WhiteElo "2525"]
[BlackElo "2603"]
[Annotator "ChessBase"]
[PlyCount "35"]
[EventDate "2021.10.11"]
[EventType "blitz"]
[EventCountry "RUS"]
[SourceTitle "playchess.com"]
[Source "ChessBase"]
[SourceQuality "1"]
[TimeControl "180+2"]

1. e4 {[%emt 0:00:04]} e5 {[%emt 0:00:00]} 2. Nf3 {[%emt 0:00:00]} Nc6 {
[%emt 0:00:00]} 3. Nc3 {[%emt 0:00:06]} Nf6 {[%emt 0:00:02]} 4. d4 {[%emt 0:00:
00]} exd4 {[%emt 0:00:00]} 5. Nxd4 {[%emt 0:00:00]} Nxe4 {[%emt 0:00:00]} 6.
Nxe4 {[%emt 0:00:00]} Qe7 {[%emt 0:00:00]} 7. f3 {[%emt 0:00:04]} d5 {[%emt 0:
00:05]} 8. Bb5 {[%emt 0:00:00]} Bd7 {[%emt 0:00:01]} 9. Bxc6 {[%emt 0:00:01]}
bxc6 {[%emt 0:00:02]} 10. O-O {[%emt 0:00:00]} dxe4 {[%emt 0:00:07]} 11. Re1 {
[%emt 0:00:00]} O-O-O {[%emt 0:00:04]} 12. Rxe4 {[%emt 0:00:00]} Qf6 {[%emt 0:
00:04]} 13. Qe2 {[%emt 0:00:46]} c5 {[%emt 0:00:09]} 14. Nb3 {[%emt 0:00:06]}
Qb6 {[%emt 0:00:01]} 15. Be3 {[%emt 0:00:14]} Bc6 {[%emt 0:00:08]} 16. Re5 {
[%emt 0:00:07]} f6 {[%emt 0:00:10]} 17. Bxc5 {[%emt 0:00:21]} Bxc5+ {[%emt 0:
00:14]} 18. Rxc5 {[%emt 0:00:00]} 1/2-1/2

[Event "RUS-ch Blitz 2021"]
[Site "Sochi"]
[Date "2021.10.11"]
[Round "4.10"]
[White "Triapishko, Alexandr"]
[Black "Sakaev, Konstantin"]
[Result "0-1"]
[WhiteElo "2506"]
[BlackElo "2603"]
[Annotator "ChessBase"]
[PlyCount "128"]
[EventDate "2021.10.11"]
[EventType "blitz"]
[EventCountry "RUS"]
[SourceTitle "playchess.com"]
[Source "ChessBase"]
[SourceQuality "1"]
[TimeControl "180+2"]

1. Nf3 {[%emt 0:00:00]} d5 {[%emt 0:00:07]} 2. g3 {[%emt 0:00:02]} g6 {[%emt 0:
00:00]} 3. d4 {[%emt 0:00:09]} Bg7 {[%emt 0:00:00]} 4. Bg2 {[%emt 0:00:00]} c6
{[%emt 0:00:00]} 5. O-O {[%emt 0:00:02]} Nf6 {[%emt 0:00:02]} 6. c3 {[%emt 0:
00:07]} O-O {[%emt 0:00:01]} 7. Nbd2 {[%emt 0:00:02]} Bf5 {[%emt 0:00:10]} 8.
Nh4 {[%emt 0:00:02]} Be6 {[%emt 0:00:05]} 9. e4 {[%emt 0:00:14]} dxe4 {[%emt 0:
00:01]} 10. Nxe4 {[%emt 0:00:04]} Nxe4 {[%emt 0:00:03]} 11. Bxe4 {[%emt 0:00:
01]} Bd5 {[%emt 0:00:07]} 12. Qe2 {[%emt 0:00:11]} Bxe4 {[%emt 0:00:00]} 13.
Qxe4 {[%emt 0:00:02]} Nd7 {[%emt 0:00:09]} 14. Nf3 {[%emt 0:00:09]} e6 {
[%emt 0:00:19]} 15. Re1 {[%emt 0:00:06]} Qb6 {[%emt 0:00:00]} 16. Qh4 {[%emt 0:
00:27]} Rfe8 {[%emt 0:00:11]} 17. b3 {[%emt 0:00:41]} c5 {[%emt 0:00:05]} 18.
Bh6 {[%emt 0:00:15]} cxd4 {[%emt 0:00:08]} 19. Bxg7 {[%emt 0:00:02]} Kxg7 {
[%emt 0:00:00]} 20. Qxd4+ {[%emt 0:00:13]} Qxd4 {[%emt 0:00:00]} 21. Nxd4 {
[%emt 0:00:00]} Red8 {[%emt 0:00:10]} 22. c4 {[%emt 0:00:04]} Nc5 {[%emt 0:00:
06]} 23. Rad1 {[%emt 0:00:00]} a5 {[%emt 0:00:06]} 24. Kg2 {[%emt 0:00:05]} Kf6
{[%emt 0:00:00]} 25. Nb5 {[%emt 0:00:20]} Nd3 {[%emt 0:00:07]} 26. Rf1 {
[%emt 0:00:01]} Rd7 {[%emt 0:00:13]} 27. Kf3 {[%emt 0:00:11]} Rad8 {[%emt 0:00:
05]} 28. Ke2 {[%emt 0:00:06]} Ke7 {[%emt 0:00:15]} 29. Nc3 {[%emt 0:00:12]} f5
{[%emt 0:00:11]} 30. Na4 {[%emt 0:00:04]} Rd4 {[%emt 0:00:05]} 31. Nc3 {
[%emt 0:00:05]} Kf6 {[%emt 0:00:05]} 32. Ke3 {[%emt 0:00:06]} R4d7 {[%emt 0:00:
19]} 33. Ke2 {[%emt 0:00:00]} g5 {[%emt 0:00:02]} 34. h3 {[%emt 0:00:04]} h5 {
[%emt 0:00:02]} 35. Na4 {[%emt 0:00:03]} h4 {[%emt 0:00:00]} 36. Nc3 {[%emt 0:
00:02]} hxg3 {[%emt 0:00:05]} 37. fxg3 {[%emt 0:00:00]} Ke5 {[%emt 0:00:10]}
38. Ke3 {[%emt 0:00:00]} Nb4 {[%emt 0:00:01]} 39. Rxd7 {[%emt 0:00:02]} Rxd7 {
[%emt 0:00:02]} 40. Ke2 {[%emt 0:00:06]} Nc2 {[%emt 0:00:06]} 41. Nb5 {[%emt 0:
00:00]} Nb4 {[%emt 0:00:02]} 42. Nc3 {[%emt 0:00:02]} Rh7 {[%emt 0:00:01]} 43.
Rh1 {[%emt 0:00:03]} Nc6 {[%emt 0:00:03]} 44. Kd3 {[%emt 0:00:03]} Kf6 {
[%emt 0:00:05]} 45. Ke3 {[%emt 0:00:00]} e5 {[%emt 0:00:00]} 46. Nd5+ {[%emt 0:
00:03]} Ke6 {[%emt 0:00:00]} 47. a3 {[%emt 0:00:01]} Nd4 {[%emt 0:00:05]} 48.
b4 {[%emt 0:00:00]} Nc2+ {[%emt 0:00:01]} 49. Kd3 {[%emt 0:00:00]} Nxa3 {
[%emt 0:00:09]} 50. bxa5 {[%emt 0:00:00]} e4+ {[%emt 0:00:01]} 51. Kc3 {
[%emt 0:00:04]} Rd7 {[%emt 0:00:10]} 52. h4 {[%emt 0:00:05]} Nxc4 {[%emt 0:00:
04]} 53. Kxc4 {[%emt 0:00:03]} Rxd5 {[%emt 0:00:00]} 54. hxg5 {[%emt 0:00:00]}
Rxa5 {[%emt 0:00:02]} 55. Rh6+ {[%emt 0:00:03]} Ke5 {[%emt 0:00:03]} 56. Rh7 {
[%emt 0:00:02]} Ra3 {[%emt 0:00:09]} 57. Re7+ {[%emt 0:00:02]} Kd6 {[%emt 0:00:
01]} 58. Rf7 {[%emt 0:00:03]} Ke6 {[%emt 0:00:00]} 59. Rf6+ {[%emt 0:00:03]}
Ke5 {[%emt 0:00:00]} 60. g4 {[%emt 0:00:00]} fxg4 {[%emt 0:00:02]} 61. Rf8 {
[%emt 0:00:04]} Ra6 {[%emt 0:00:02]} 62. Re8+ {[%emt 0:00:02]} Re6 {[%emt 0:00:
01]} 63. Rg8 {[%emt 0:00:02]} Rc6+ {[%emt 0:00:01]} 64. Kb5 {[%emt 0:00:01]}
Kf5 {[%emt 0:00:00]} 0-1

[Event "RUS-ch Blitz 2021"]
[Site "Sochi"]
[Date "2021.10.11"]
[Round "4.12"]
[White "Kokarev, Dmitry"]
[Black "Moiseenko, Vadim"]
[Result "0-1"]
[WhiteElo "2579"]
[BlackElo "2542"]
[Annotator "ChessBase"]
[PlyCount "64"]
[EventDate "2021.10.11"]
[EventType "blitz"]
[EventCountry "RUS"]
[SourceTitle "playchess.com"]
[Source "ChessBase"]
[SourceQuality "1"]
[TimeControl "180+2"]

1. e4 {[%emt 0:00:05]} e5 {[%emt 0:00:00]} 2. Nf3 {[%emt 0:00:05]} Nc6 {
[%emt 0:00:01]} 3. Bb5 {[%emt 0:00:00]} a6 {[%emt 0:00:00]} 4. Ba4 {[%emt 0:00:
00]} b5 {[%emt 0:00:14]} 5. Bb3 {[%emt 0:00:00]} Na5 {[%emt 0:00:00]} 6. O-O {
[%emt 0:00:07]} d6 {[%emt 0:00:00]} 7. d4 {[%emt 0:00:00]} exd4 {[%emt 0:00:00]
} 8. Nxd4 {[%emt 0:00:05]} Bb7 {[%emt 0:00:00]} 9. Bd2 {[%emt 0:00:00]} Nxb3 {
[%emt 0:00:04]} 10. Nxb3 {[%emt 0:00:01]} Rc8 {[%emt 0:00:01]} 11. a4 {[%emt 0:
00:08]} Nf6 {[%emt 0:00:00]} 12. f3 {[%emt 0:00:06]} Be7 {[%emt 0:00:11]} 13.
axb5 {[%emt 0:00:05]} axb5 {[%emt 0:00:00]} 14. Nd4 {[%emt 0:00:06]} O-O {
[%emt 0:00:52]} 15. Nxb5 {[%emt 0:00:04]} d5 {[%emt 0:00:08]} 16. e5 {[%emt 0:
00:13]} Nd7 {[%emt 0:00:03]} 17. f4 {[%emt 0:00:12]} d4 {[%emt 0:00:01]} 18.
Ba5 {[%emt 0:00:24]} Nxe5 {[%emt 0:00:14]} 19. Qxd4 {[%emt 0:00:07]} Qxd4+ {
[%emt 0:00:21]} 20. Nxd4 {[%emt 0:00:02]} Bc5 {[%emt 0:00:00]} 21. c3 {[%emt 0:
00:30]} Nc6 {[%emt 0:00:01]} 22. Kh1 {[%emt 0:00:06]} Rfe8 {[%emt 0:00:14]} 23.
Nf3 {[%emt 0:00:33]} Ba6 {[%emt 0:00:23]} 24. Rd1 {[%emt 0:00:02]} Be2 {
[%emt 0:00:04]} 25. Rd5 {[%emt 0:00:07]} Bxf3 {[%emt 0:00:09]} 26. gxf3 {
[%emt 0:00:00]} Re1+ {[%emt 0:00:02]} 27. Kg2 {[%emt 0:00:00]} Rg1+ {[%emt 0:
00:00]} 28. Kh3 {[%emt 0:00:06]} Bd6 {[%emt 0:00:02]} 29. Bb4 {[%emt 0:00:00]}
Bxb4 {[%emt 0:00:21]} 30. cxb4 {[%emt 0:00:00]} Nxb4 {[%emt 0:00:03]} 31. Rc5 {
[%emt 0:00:00]} Nd3 {[%emt 0:00:05]} 32. Rxc7 {[%emt 0:00:09]} Nxf4+ {[%emt 0:
00:00]} 0-1

[Event "RUS-ch Blitz 2021"]
[Site "Sochi"]
[Date "2021.10.11"]
[Round "4.13"]
[White "Pridorozhni, Aleksei"]
[Black "Belozerov, Andrei"]
[Result "1-0"]
[WhiteElo "2564"]
[BlackElo "2476"]
[Annotator "ChessBase"]
[PlyCount "79"]
[EventDate "2021.10.11"]
[EventType "blitz"]
[EventCountry "RUS"]
[SourceTitle "playchess.com"]
[Source "ChessBase"]
[SourceQuality "1"]
[TimeControl "180+2"]

1. e4 {[%emt 0:00:00]} c5 {[%emt 0:00:03]} 2. Nc3 {[%emt 0:00:03]} d6 {[%emt 0:
00:07]} 3. f4 {[%emt 0:00:00]} g6 {[%emt 0:00:07]} 4. d4 {[%emt 0:00:02]} cxd4
{[%emt 0:00:11]} 5. Qxd4 {[%emt 0:00:02]} Nf6 {[%emt 0:00:01]} 6. Nf3 {[%emt 0:
00:02]} Bg7 {[%emt 0:00:10]} 7. Bd3 {[%emt 0:00:08]} Nc6 {[%emt 0:00:10]} 8.
Qf2 {[%emt 0:00:00]} O-O {[%emt 0:00:42]} 9. h3 {[%emt 0:00:00]} Qb6 {[%emt 0:
00:07]} 10. Qxb6 {[%emt 0:00:13]} axb6 {[%emt 0:00:00]} 11. Be3 {[%emt 0:00:21]
} Nd7 {[%emt 0:00:04]} 12. Kd2 {[%emt 0:00:14]} Nc5 {[%emt 0:00:13]} 13. Rhe1 {
[%emt 0:00:48]} Be6 {[%emt 0:00:15]} 14. a3 {[%emt 0:00:07]} Rfc8 {[%emt 0:00:
06]} 15. Rab1 {[%emt 0:00:08]} Nxd3 {[%emt 0:00:00]} 16. cxd3 {[%emt 0:00:10]}
Ra6 {[%emt 0:01:03]} 17. Ne2 {[%emt 0:00:18]} Na5 {[%emt 0:00:04]} 18. Ned4 {
[%emt 0:00:06]} Ba2 {[%emt 0:00:05]} 19. Rbc1 {[%emt 0:00:03]} Raa8 {[%emt 0:
00:00]} 20. Rxc8+ {[%emt 0:00:04]} Rxc8 {[%emt 0:00:03]} 21. Rc1 {[%emt 0:00:
03]} Rxc1 {[%emt 0:00:01]} 22. Kxc1 {[%emt 0:00:00]} Bb3 {[%emt 0:00:10]} 23.
Nxb3 {[%emt 0:00:12]} Nxb3+ {[%emt 0:00:00]} 24. Kc2 {[%emt 0:00:07]} Nc5 {
[%emt 0:00:00]} 25. b4 {[%emt 0:00:02]} Nd7 {[%emt 0:00:07]} 26. a4 {[%emt 0:
00:00]} Kf8 {[%emt 0:00:03]} 27. Kb3 {[%emt 0:00:00]} Ke8 {[%emt 0:00:02]} 28.
Kc4 {[%emt 0:00:02]} Kd8 {[%emt 0:00:00]} 29. Kb5 {[%emt 0:00:05]} Kc7 {
[%emt 0:00:00]} 30. Nd2 {[%emt 0:00:03]} Bc3 {[%emt 0:00:06]} 31. Nc4 {[%emt 0:
00:03]} Be1 {[%emt 0:00:00]} 32. Nxb6 {[%emt 0:00:03]} Nxb6 {[%emt 0:00:00]}
33. Bxb6+ {[%emt 0:00:02]} Kd7 {[%emt 0:00:00]} 34. Be3 {[%emt 0:00:04]} f5 {
[%emt 0:00:05]} 35. Kc4 {[%emt 0:00:03]} e6 {[%emt 0:00:03]} 36. b5 {[%emt 0:
00:05]} Ba5 {[%emt 0:00:03]} 37. Kb3 {[%emt 0:00:06]} h5 {[%emt 0:00:00]} 38.
Kc2 {[%emt 0:00:00]} d5 {[%emt 0:00:03]} 39. e5 {[%emt 0:00:03]} b6 {[%emt 0:
00:03]} 40. Bd2 {[%emt 0:00:05]} 1-0

[Event "RUS-ch Blitz 2021"]
[Site "Sochi"]
[Date "2021.10.11"]
[Round "4.14"]
[White "Zakaryan, David"]
[Black "Antipov, Mikhail Al."]
[Result "0-1"]
[WhiteElo "2283"]
[BlackElo "2619"]
[Annotator "ChessBase"]
[PlyCount "66"]
[EventDate "2021.10.11"]
[EventType "blitz"]
[EventCountry "RUS"]
[SourceTitle "playchess.com"]
[Source "ChessBase"]
[SourceQuality "1"]
[TimeControl "180+2"]

1. d4 {[%emt 0:00:00]} Nf6 {[%emt 0:00:00]} 2. c4 {[%emt 0:00:06]} g6 {[%emt 0:
00:02]} 3. Nc3 {[%emt 0:00:00]} d5 {[%emt 0:00:00]} 4. Nf3 {[%emt 0:00:04]} Bg7
{[%emt 0:00:00]} 5. h4 {[%emt 0:00:00]} dxc4 {[%emt 0:00:00]} 6. e4 {[%emt 0:
00:05]} c5 {[%emt 0:00:06]} 7. d5 {[%emt 0:00:00]} b5 {[%emt 0:00:00]} 8. h5 {
[%emt 0:00:00]} O-O {[%emt 0:00:00]} 9. hxg6 {[%emt 0:00:02]} fxg6 {[%emt 0:00:
03]} 10. e5 {[%emt 0:00:15]} Ng4 {[%emt 0:00:01]} 11. d6 {[%emt 0:00:00]} e6 {
[%emt 0:00:00]} 12. Rxh7 {[%emt 0:00:35]} Rf5 {[%emt 0:00:03]} 13. Rh3 {
[%emt 0:00:21]} Nc6 {[%emt 0:00:11]} 14. Nxb5 {[%emt 0:00:13]} Rb8 {[%emt 0:00:
23]} 15. Nc3 {[%emt 0:00:13]} Ngxe5 {[%emt 0:00:25]} 16. Nh4 {[%emt 0:00:14]}
Rh5 {[%emt 0:00:39]} 17. Nxg6 {[%emt 0:00:05]} Rxh3 {[%emt 0:00:03]} 18. Nxe5 {
[%emt 0:00:11]} Nxe5 {[%emt 0:00:05]} 19. gxh3 {[%emt 0:00:02]} Bb7 {[%emt 0:
00:01]} 20. Be2 {[%emt 0:00:07]} Qh4 {[%emt 0:00:00]} 21. Bg4 {[%emt 0:00:32]}
Nd3+ {[%emt 0:00:09]} 22. Kd2 {[%emt 0:00:05]} Qxf2+ {[%emt 0:01:27]} 23. Qe2 {
[%emt 0:00:00]} Qd4 {[%emt 0:00:06]} 24. Bxe6+ {[%emt 0:00:10]} Kf8 {[%emt 0:
00:04]} 25. Kc2 {[%emt 0:00:08]} Nb4+ {[%emt 0:00:02]} 26. Kb1 {[%emt 0:00:00]}
Qxd6 {[%emt 0:00:02]} 27. Bxc4 {[%emt 0:00:07]} Qg6+ {[%emt 0:00:00]} 28. Bd3 {
[%emt 0:00:05]} Nxd3 {[%emt 0:00:00]} 29. Qc2 {[%emt 0:00:00]} Bc6 {[%emt 0:00:
06]} 30. a4 {[%emt 0:00:08]} Bxc3 {[%emt 0:00:02]} 31. Ra3 {[%emt 0:00:00]} Bd4
{[%emt 0:00:01]} 32. Rxd3 {[%emt 0:00:05]} Be4 {[%emt 0:00:00]} 33. Rf3+ {
[%emt 0:00:00]} Kg7 {[%emt 0:00:02]} 0-1